000 00738nam a22002177a 4500
003 UA-OsUOA
001 71315
007 ta
008 20101020b un ||||| |||| 00| 0 ukr d
100 _aСкуба В.
090 _a908
_bС46
942 _cSA
040 _aUA-OsUOA
_bukr
_cUA-OsUOA
_dUA-OsUOA
245 _aПро формули, які спрацьовують завжди. Ректор Острозької академії Ігор Пасічник: "Наш секрет - це історичне минуле, надійні друзі та віра в свою країну"
300 _aС.1,6
955 _a0
041 _aukr
080 _a908
773 0 _w71314
650 7 _a908 Краєзнавство
_2UDC
999 _c357592
_d357592